[Event "Vienna op-B"]
[Site "Vienna AUT"]
[Date "1995.??.??"]
[Round "3"]
[White "Fuehrer, Werner"]
[Black "Schapovalenko, A."]
[Result "1-0"]
[WhiteElo "1950"]
[BlackElo "2085"]
[PlyCount "49"]
[EventDate "1995.??.??"]
[Source "www.chesslib.no"]
[SourceDate "2004.05.04"]

1. d4 d5 2. Nc3 Nf6 3. Bg5 e6 4. e4 Be7 5. Bxf6 Bxf6 6. e5 Be7 7. Qg4 O-O 8. O-O-O c5 9. dxc5 Bxc5 10. Ne4 Be7 11. f4 Nd7 12. Nc3 b5 13. Qh3 b4 14. Bd3 h6 15. Nce2 Nc5 16. Nd4 Nxd3+ 17. Rxd3 Bc5 18. Nge2 Qb6 19. Rg3 Kh7 20. Qg4 Rg8 21. Nf3 g6 22. Rh3 Qd8 23. Ng5+ Kg7 24. Rxh6 Rh8 25. Nxf7 1-0

[Event "GER-ch U18"]
[Site "Oberhof"]
[Date "1999.05.23"]
[Round "1"]
[White "Buring, Matthias"]
[Black "Schuetze, Norman"]
[Result "1-0"]
[WhiteElo "1843"]
[BlackElo "2170"]
[PlyCount "119"]
[EventDate "1999.??.??"]
[Source "www.chesslib.no"]
[SourceDate "2004.05.04"]

1. d4 Nf6 2. Nc3 e6 3. e4 d5 4. Bg5 Be7 5. Bxf6 Bxf6 6. e5 Be7 7. Nce2 c5 8. c3 Nc6 9. Nf3 O-O 10. dxc5 Bxc5 11. b4 Be7 12. Qb3 f6 13. exf6 Bxf6 14. Ned4 Kh8 15. Be2 e5 16. Nxc6 bxc6 17. O-O Be6 18. Rad1 Qe7 19. b5 c5 20. c4 d4 21. Nd2 Bf5 22. Bf3 Rae8 23. Ne4 g5 24. Ng3 Bg6 25. Bc6 Rc8 26. f3 g4 27. fxg4 Bg5 28. Nf5 Bxf5 29. gxf5 Be3+ 30. Kh1 Rf6 31. Qd3 Rh6 32. Rf3 Rcxc6 33. bxc6 e4 34. Rxe3 Qd6 35. Rh3 exd3 36. c7 Qxc7 37. Rxh6 d2 38. Re6 Qf4 39. Re2 Qxf5 40. Rexd2 Qe6 41. Rb2 Qxc4 42. Rb8+ Kg7 43. Rb7+ Kg6 44. Rxa7 Qe2 45. Rb1 Qe4 46. Rb6+ Kg5 47. h3 d3 48. Rg7+ Kh5 49. Rd7 Kh4 50. Rbd6 Qe1+ 51. Kh2 Qe5+ 52. Kh1 c4 53. Rd5 Qe1+ 54. Kh2 Qg3+ 55. Kh1 Qe3 56. Kh2 Qf4+ 57. Kg1 Qe3+ 58. Kh2 Qg3+ 59. Kh1 h5 60. Rd4+ 1-0

[Event "It Open"]
[Site "Mainz GER"]
[Date "1989.??.??"]
[Round "3"]
[White "Fuehrer Michael"]
[Black "Bloess Andre"]
[Result "0-1"]
[WhiteElo "1872"]
[BlackElo "2095"]
[PlyCount "44"]
[EventDate "1989.??.??"]
[Source "www.chesslib.no"]
[SourceDate "2004.05.04"]

1. d4 e6 2. e4 d5 3. Nc3 Nf6 4. Bg5 Be7 5. e5 Ng8 6. Bxe7 Nxe7 7. f4 c5 8. dxc5 Qa5 9. Qd2 Qxc5 10. Nf3 O-O 11. a3 Nd7 12. Bd3 a6 13. Qf2 f6 14. Qh4 Qe3+ 15. Ne2 h6 16. exf6 Rxf6 17. Rf1 Nc6 18. Qh5 Rxf4 19. Qg6 Nf8 20. Qe8 Rb8 21. Qh5 e5 22. Kd1 Bg4 0-1

[Event "EU-ch Railways USIC"]
[Site "?"]
[Date "2000.06.20"]
[Round "1.6"]
[White "Boulet Philippe"]
[Black "Jonasson Stig"]
[Result "1-0"]
[WhiteElo "2056"]
[BlackElo "1898"]
[PlyCount "59"]
[EventDate "2000.??.??"]
[Source "www.chesslib.no"]
[SourceDate "2004.05.04"]

1. d4 Nf6 2. Nc3 d5 3. Bg5 e6 4. e4 Be7 5. e5 Nfd7 6. Bxe7 Kxe7 7. Qg4 g6 8. O-O-O c5 9. Nb5 cxd4 10. Qh4+ f6 11. exf6+ Nxf6 12. Nf3 Nc6 13. Nbxd4 h6 14. Nxc6+ bxc6 15. Ne5 Qe8 16. Qb4+ Kd8 17. Qa5+ Ke7 18. Qc5+ Kd8 19. Nxc6+ Kd7 20. Bb5 Qf8 21. Nxa7+ Kd8 22. Qb6+ Ke7 23. Bc6 Bd7 24. Bxa8 Qxa8 25. Rhe1 Kf7 26. Rd3 Rb8 27. Qd4 Rb7 28. Rf3 Qd8 29. Ree3 Qe7 30. Rxf6+ 1-0

[Event "Fouesnant"]
[Site "?"]
[Date "2002.10.29"]
[Round "5.14"]
[White "Guereven Sonia"]
[Black "Bleuzen Cedric"]
[Result "1/2-1/2"]
[WhiteElo "1910"]
[BlackElo "2041"]
[PlyCount "76"]
[EventDate "2002.??.??"]
[Source "www.chesslib.no"]
[SourceDate "2004.05.04"]

1. e4 e6 2. d4 d5 3. Nc3 Nf6 4. Bg5 Be7 5. Bd3 dxe4 6. Nxe4 Nxe4 7. Bxe7 Qxe7 8. Bxe4 Qb4+ 9. c3 Qxb2 10. Ne2 Qa3 11. O-O O-O 12. Qb1 h6 13. Bxb7 Bxb7 14. Qxb7 Na6 15. Qb3 Qd6 16. Rab1 Rfb8 17. Qc2 Rb6 18. Rb3 Rab8 19. Rfb1 e5 20. Rd1 exd4 21. Rxd4 Qe6 22. Rxb6 axb6 23. h3 Nc5 24. Nf4 Qe1+ 25. Kh2 Ne6 26. Re4 Qf1 27. Nxe6 fxe6 28. Rxe6 Rf8 29. f3 Qc4 30. Qb3 Qf4+ 31. Kg1 Kh8 32. Re4 Qc1+ 33. Kf2 Qd2+ 34. Re2 Qf4 35. Qb4 Qf6 36. Qe7 Qf4 37. Qe4 Qf6 38. Qd4 Qg6 1/2-1/2

[Event "Bad Schussenried(16.09-24.09)"]
[Site "?"]
[Date "1994.??.??"]
[Round "2"]
[White "Spaete Erwin"]
[Black "Kraft Hans"]
[Result "0-1"]
[WhiteElo "1796"]
[BlackElo "2150"]
[PlyCount "46"]
[EventDate "1994.??.??"]
[Source "www.chesslib.no"]
[SourceDate "2004.05.04"]

1. d4 Nf6 2. Nc3 e6 3. e4 d5 4. Bg5 Be7 5. Bxf6 Bxf6 6. e5 Be7 7. Qg4 O-O 8. O-O-O c5 9. dxc5 b6 10. f4 f5 11. Qh3 bxc5 12. g4 fxg4 13. Qg3 Bh4 14. Qg2 Rxf4 15. Nge2 Rf2 16. Qxg4 Qg5+ 17. Qxg5 Bxg5+ 18. Kb1 Nc6 19. h4 Be7 20. Nxd5 exd5 21. Rxd5 Be6 22. Rd3 Bc4 23. Re3 Raf8 0-1

[Event "Bad Sooden (22.04.-30.04)"]
[Site "?"]
[Date "2004.04.23"]
[Round "2"]
[White "Thiessen Klaus Hinrich"]
[Black "Johannsen Ingbert"]
[Result "0-1"]
[WhiteElo "1792"]
[BlackElo "2111"]
[PlyCount "78"]
[EventDate "2004.??.??"]
[Source "www.chesslib.no"]
[SourceDate "2004.05.04"]

1. e4 e6 2. d4 d5 3. Nc3 Nf6 4. Bg5 Be7 5. e5 Nfd7 6. Be3 c5 7. Bb5 Nc6 8. Bxc6 bxc6 9. f4 cxd4 10. Bxd4 c5 11. Bf2 Qa5 12. Qd2 Rb8 13. Nd1 Qa4 14. Ne2 O-O 15. O-O f6 16. exf6 Nxf6 17. Ng3 Ba6 18. Re1 Qc6 19. Qe3 Bc8 20. Nf5 Bd8 21. Ng3 Bb6 22. Qf3 Bb7 23. h3 Rf7 24. Ne3 Rbf8 25. f5 e5 26. Ng4 e4 27. Qe2 Qd6 28. Rad1 Nxg4 29. hxg4 Qf6 30. c3 g6 31. Be3 d4 32. Bc1 e3 33. Bxe3 dxe3 34. c4 Ba5 35. Rf1 Bd2 36. b3 Qh4 37. fxg6 Rf2 38. gxh7+ Qxh7 39. Rxf2 Rxf2 0-1

[Event "Schloss Schney (03.07.-11.07)"]
[Site "?"]
[Date "1998.??.??"]
[Round "1"]
[White "Karol Wolfgang"]
[Black "Niebling Ferdinand"]
[Result "0-1"]
[WhiteElo "1700"]
[BlackElo "2125"]
[PlyCount "44"]
[EventDate "1998.??.??"]
[Source "www.chesslib.no"]
[SourceDate "2004.05.04"]

1. d4 Nf6 2. Nc3 d5 3. Bg5 e6 4. e4 Be7 5. Bxf6 Bxf6 6. e5 Be7 7. Qg4 O-O 8. Bd3 c5 9. Qh3 g6 10. dxc5 Nc6 11. f4 Qa5 12. O-O-O f5 13. Kb1 b6 14. Bb5 Bd7 15. Nge2 bxc5 16. Rd3 Rab8 17. Bxc6 Bxc6 18. Nd1 d4 19. Rg3 Kg7 20. Ra3 Qc7 21. c4 Rb4 22. Qd3 Be4 0-1

[Event "Vienna op-B 14th"]
[Site "?"]
[Date "2003.08.24"]
[Round "9"]
[White "Strubreiter Markus"]
[Black "Giefing Josef"]
[Result "1-0"]
[WhiteElo "1920"]
[BlackElo "1848"]
[PlyCount "85"]
[EventDate "2003.??.??"]
[Source "www.chesslib.no"]
[SourceDate "2004.05.04"]

1. e4 e6 2. Nc3 d5 3. d4 Nf6 4. Bg5 Be7 5. Bxf6 Bxf6 6. Nf3 a6 7. Bd3 b6 8. h4 Bb7 9. Qe2 c5 10. exd5 cxd4 11. Ne4 Bxd5 12. Nfg5 h6 13. Nxf6+ gxf6 14. Nf3 Ra7 15. O-O-O e5 16. Nxd4 Kf8 17. Nf5 Rd7 18. Qg4 Rg8 19. Qh5 Rg6 20. Nxh6 e4 21. Be2 Be6 22. g4 Qc7 23. g5 f5 24. Kb1 Nc6 25. Bxa6 Nb4 26. Qe2 Bxa2+ 27. Ka1 Be6 28. Rxd7 Qxd7 29. Bc4 Qa4+ 30. Kb1 Bxc4 31. Qxc4 Re6 32. g6 b5 33. Qc8+ Re8 34. Qc5+ Kg7 35. Nxf5+ Kxg6 36. Rg1+ Kf6 37. Qd6+ Re6 38. Qd8+ Ke5 39. Qd4+ Kf4 40. Qe3+ Ke5 41. Qc3+ Kd5 42. Rd1+ Nd3 43. Ne3+ 1-0

[Event "Ellwangen (11.04.-19.04)"]
[Site "?"]
[Date "2003.04.11"]
[Round "1"]
[White "Kunath Werner"]
[Black "Goldinger Josef"]
[Result "0-1"]
[WhiteElo "1906"]
[BlackElo "1800"]
[PlyCount "100"]
[EventDate "2003.??.??"]
[Source "www.chesslib.no"]
[SourceDate "2004.05.04"]

1. d4 Nf6 2. Nc3 d5 3. Bg5 e6 4. e4 Be7 5. Bxf6 Bxf6 6. Nf3 O-O 7. e5 Be7 8. Bd3 c5 9. dxc5 Bxc5 10. Ne2 Nc6 11. O-O g6 12. Qd2 Kg7 13. c3 f6 14. exf6+ Qxf6 15. Bc2 b5 16. Ned4 Nxd4 17. Nxd4 Bxd4 18. cxd4 Bd7 19. b4 Qf4 20. Qxf4 Rxf4 21. Rfd1 a5 22. bxa5 Rxa5 23. Bb3 b4 24. Rd2 Ba4 25. Bxa4 Rxa4 26. Rb1 Re4 27. f3 Re3 28. Kf2 Rc3 29. Re1 Kf6 30. Re3 Rc4 31. g4 g5 32. Kg3 Rc3 33. Kf2 Rc4 34. Red3 Rc1 35. Re2 Rb1 36. Rde3 Ra6 37. Rb3 Rxb3 38. axb3 Rc6 39. Re3 Rc2+ 40. Kg3 Rd2 41. f4 gxf4+ 42. Kxf4 Rxd4+ 43. Kg3 e5 44. h4 h6 45. Rf3+ Kg6 46. h5+ Kg7 47. Re3 e4 48. Kf4 Rd3 49. Rg3 Rxg3 50. Kxg3 e3 0-1

[Event "02sen.Bad Wildbad-Frühling-SEN"]
[Site "?"]
[Date "2001.??.??"]
[Round "4"]
[White "Zaiser Georg"]
[Black "Kluge Hans-Christof"]
[Result "1-0"]
[WhiteElo "2046"]
[BlackElo "1625"]
[PlyCount "105"]
[EventDate "2001.??.??"]
[Source "www.chesslib.no"]
[SourceDate "2004.05.04"]

1. d4 Nf6 2. Nc3 d5 3. Bg5 e6 4. e4 Be7 5. Bxf6 Bxf6 6. e5 Be7 7. Qg4 g6 8. h4 h5 9. Qf4 c5 10. dxc5 Bxc5 11. O-O-O Bd7 12. Nf3 a6 13. Ng5 Qe7 14. Rh3 Nc6 15. Rf3 Nd8 16. Ne2 Rc8 17. Nd4 Rc7 18. Kb1 b5 19. Bd3 Qf8 20. Nb3 Be7 21. Qe3 Bc5 22. Nxc5 Qxc5 23. Qf4 Qe7 24. Qd2 Qc5 25. Rf6 Bc8 26. a3 Nc6 27. Qf4 Nd8 28. Re1 Re7 29. Re3 Bb7 30. c3 Bc8 31. Rf3 Qc7 32. Qd4 Qc6 33. a4 bxa4 34. Bc2 Qc4 35. Qxc4 dxc4 36. Ne4 Nb7 37. Bxa4+ Bd7 38. Nd6+ Nxd6 39. exd6 Bxa4 40. dxe7 Rh7 41. R6f4 Bb5 42. Ka2 Kxe7 43. Ka3 f5 44. Re3 Kf6 45. Rd4 Rd7 46. f4 Rxd4 47. cxd4 Ke7 48. Kb4 Kf6 49. g3 Kf7 50. Re5 Kf6 51. Rxb5 axb5 52. Kxb5 Ke7 53. Kxc4 1-0

[Event "FRA Team Ch U20 0203"]
[Site "?"]
[Date "2002.12.01"]
[Round "2.4"]
[White "Ashokan Kevin"]
[Black "Chiu Alexandre"]
[Result "0-1"]
[WhiteElo "1640"]
[BlackElo "1970"]
[PlyCount "89"]
[EventDate "2002.??.??"]
[Source "www.chesslib.no"]
[SourceDate "2004.05.04"]

1. e4 e6 2. d4 d5 3. Nc3 Nf6 4. Bg5 Be7 5. exd5 Nxd5 6. Bxe7 Nxe7 7. Nge2 b6 8. Qd2 Bb7 9. O-O-O Nd7 10. f3 Rc8 11. Ng3 Nd5 12. Bc4 N7f6 13. Rhe1 O-O 14. a3 c5 15. Nge2 cxd4 16. Qxd4 Qc7 17. Bd3 Rfd8 18. Qh4 Ne3 19. Qh3 Nxd1 20. Rxd1 Qe5 21. Kb1 h6 22. f4 Qh5 23. Qxh5 Nxh5 24. g3 Nf6 25. h3 Nd5 26. Nxd5 Bxd5 27. Nc3 Bc4 28. Kc1 Bxd3 29. Rxd3 Kf8 30. Kd2 Ke7 31. Nb5 Rxd3+ 32. cxd3 Rc5 33. Nxa7 Kd7 34. b4 Rh5 35. h4 b5 36. Kc3 Kc7 37. Nxb5+ Rxb5 38. a4 Rb8 39. Kc4 Kb6 40. g4 Rc8+ 41. Kd4 Ra8 42. a5+ Kb5 43. Kc3 Rd8 44. d4 Rd6 45. f5 0-1

[Event "Ch (Women U18) Leba POL"]
[Site "?"]
[Date "2006.03.28"]
[Round "5.10"]
[White "Staniszewska Adrianna"]
[Black "Tyda Beata"]
[Result "0-1"]
[WhiteElo "1659"]
[BlackElo "1895"]
[PlyCount "82"]
[EventDate "2006.??.??"]
[Source "www.chesslib.no"]
[SourceDate "2004.05.04"]

1. e4 e6 2. d4 d5 3. Nc3 Nf6 4. Bg5 Be7 5. Nf3 dxe4 6. Ne5 Nbd7 7. Nxd7 Qxd7 8. Qd2 O-O 9. h4 a6 10. h5 b5 11. O-O-O Bb7 12. Rg1 b4 13. Ne2 a5 14. g4 Bd5 15. Bxf6 Bxf6 16. g5 Be7 17. Kb1 a4 18. Nf4 b3 19. Nxd5 exd5 20. Rg3 bxa2+ 21. Ka1 Rfb8 22. g6 fxg6 23. hxg6 h6 24. Be2 Rb6 25. Kxa2 Rab8 26. Rb1 Bf6 27. c3 Rb3 28. c4 c5 29. Bg4 Qe8 30. cxd5 Bxd4 31. Be6+ Kh8 32. Rh3 Rxb2+ 33. Rxb2 Rxb2+ 34. Qxb2 Bxb2 35. Kxb2 Qxg6 36. Rg3 Qf6+ 37. Rc3 Qxf2+ 38. Ka3 Qd4 39. Rc1 Qb4+ 40. Ka2 Qd2+ 41. Kb1 a3 0-1

[Event "Schwalbach-Elm (26.03.-03.04)"]
[Site "?"]
[Date "1999.??.??"]
[Round "1"]
[White "Frenkel Guenter"]
[Black "Minach Leonid"]
[Result "0-1"]
[WhiteElo "1605"]
[BlackElo "1941"]
[PlyCount "74"]
[EventDate "1999.??.??"]
[Source "www.chesslib.no"]
[SourceDate "2004.05.04"]

1. e4 e6 2. d4 d5 3. Nc3 Nf6 4. Bg5 Be7 5. Bd3 dxe4 6. Bxe4 Nxe4 7. Bxe7 Nxc3 8. Bxd8 Nxd1 9. Rxd1 Kxd8 10. Nf3 Ke7 11. O-O Rd8 12. Rfe1 b6 13. c4 Bb7 14. d5 c6 15. Nd4 cxd5 16. cxd5 Rxd5 17. g4 Na6 18. Nf5+ Kf6 19. Rxd5 Bxd5 20. Nd4 Rc8 21. f4 Rc4 22. g5+ Kg6 23. Rd1 Nb4 24. b3 Rc3 25. Rd2 a6 26. Ne2 Rc2 27. Rxc2 Nxc2 28. Ng3 Nb4 29. h4 f6 30. h5+ Kf7 31. a3 Nc2 32. b4 Nxa3 33. Ne2 Nc2 34. Kf2 Nxb4 35. Nd4 a5 36. f5 fxg5 37. fxe6+ Bxe6 0-1

[Event "57sen.LSEM 2004 Hessen"]
[Site "?"]
[Date "2004.04.10"]
[Round "9"]
[White "Suchsland Helmut"]
[Black "Fischer Heinrich[43Eb'stadt"]
[Result "0-1"]
[WhiteElo "1711"]
[BlackElo "1797"]
[PlyCount "72"]
[EventDate "2004.??.??"]
[Source "www.chesslib.no"]
[SourceDate "2004.05.04"]

1. e4 e6 2. d4 d5 3. Nc3 Nf6 4. Bg5 Be7 5. e5 Nfd7 6. Be3 c5 7. f4 Nc6 8. Nf3 a6 9. a4 cxd4 10. Nxd4 Bb4 11. Nde2 O-O 12. h4 f6 13. Nd4 Nc5 14. Nxc6 bxc6 15. Bd4 Ne4 16. exf6 gxf6 17. Bd3 c5 18. Bxe4 cxd4 19. Qg4+ Kf7 20. Bxh7 dxc3 21. b3 Bc5 22. O-O-O Qb6 23. Rd3 Be3+ 24. Kd1 d4 25. Rh3 Ke7 26. Rg3 Bb7 27. Qh5 Bd5 28. Rg7+ Kd6 29. Bg6 Rh8 30. Qg4 Ra7 31. Bf7 Re7 32. f5 Qb7 33. fxe6 Be4 34. Qg3+ Kc5 35. Rxe3 dxe3 36. Qxe3+ Kb4 0-1

[Event "FRA-chT 0102 U18"]
[Site "?"]
[Date "2002.??.??"]
[Round "5.6"]
[White "Ashokan Kevin"]
[Black "Boukobza Adrien"]
[Result "0-1"]
[WhiteElo "1560"]
[BlackElo "1930"]
[PlyCount "78"]
[EventDate "2002.??.??"]
[Source "www.chesslib.no"]
[SourceDate "2004.05.04"]

1. e4 e6 2. d4 d5 3. Nc3 Nf6 4. Bg5 Be7 5. Bd3 a6 6. Nge2 dxe4 7. Nxe4 Nxe4 8. Bxe7 Qxe7 9. Bxe4 Qb4+ 10. c3 Qxb2 11. O-O c6 12. Qd3 Qb5 13. Bxh7 Qh5 14. Qg3 Rxh7 15. Nf4 Qh4 16. Rfe1 Qxg3 17. fxg3 Ke7 18. d5 g5 19. Nh3 Rg7 20. c4 Kd6 21. Rac1 Rg8 22. Red1 exd5 23. cxd5 cxd5 24. Nxg5 Be6 25. Ne4+ Ke5 26. Nd2 Nc6 27. Re1+ Kd6 28. Rcd1 Kc7 29. Nb3 b6 30. Rc1 Kb7 31. Rb1 Ka7 32. Rec1 Rac8 33. Ra1 Rgd8 34. a4 d4 35. a5 Bxb3 36. axb6+ Kb7 37. Rf1 Bc4 38. Rfc1 Bb5 39. Rc5 d3 0-1

[Event "Wolfsberg"]
[Site "?"]
[Date "2004.04.16"]
[Round "6"]
[White "Stopka Tobias"]
[Black "Aulich Marcell"]
[Result "0-1"]
[WhiteElo "1763"]
[BlackElo "1656"]
[PlyCount "42"]
[EventDate "2004.??.??"]
[Source "www.chesslib.no"]
[SourceDate "2004.05.04"]

1. Nc3 Nf6 2. d4 d5 3. Bg5 e6 4. e4 Be7 5. Bxf6 Bxf6 6. Nf3 O-O 7. e5 Be7 8. Bd3 c5 9. dxc5 Bxc5 10. h4 h6 11. Qe2 d4 12. Ne4 Nd7 13. g4 Qb6 14. g5 Qxb2 15. Rd1 h5 16. g6 fxg6 17. Neg5 Rxf3 18. Nxf3 Nf8 19. Rg1 Bd7 20. Nd2 Bb4 21. Rb1 Qxb1+ 0-1

[Event "Yvelines Ch"]
[Site "?"]
[Date "2003.02.16"]
[Round "7.23"]
[White "Lagache Yves"]
[Black "Pantic David"]
[Result "0-1"]
[WhiteElo "1620"]
[BlackElo "1780"]
[PlyCount "54"]
[EventDate "2003.??.??"]
[Source "www.chesslib.no"]
[SourceDate "2004.05.04"]

1. d4 Nf6 2. Bg5 e6 3. e4 Be7 4. Nc3 d5 5. Bxf6 Bxf6 6. Nf3 O-O 7. e5 Be7 8. Bd3 c5 9. dxc5 Bxc5 10. Qd2 Nc6 11. a3 f5 12. h4 Qc7 13. O-O-O Nxe5 14. Nxe5 Qxe5 15. Rde1 Qd4 16. Re3 Bd7 17. Ne2 Qf6 18. c3 Bxe3 19. Qxe3 e5 20. Bc2 f4 21. Qd3 Bc6 22. Qxh7+ Kf7 23. Qh5+ g6 24. Qh7+ Qg7 25. Bxg6+ Kf6 26. Qh5 Qxg6 27. Qf3 Ba4 0-1

[Event "Bad Griesbach (08.11.-14.11)"]
[Site "?"]
[Date "1998.11.08"]
[Round "1.9"]
[White "Huhn Ulrich"]
[Black "Gaebler Siegfried"]
[Result "1-0"]
[WhiteElo "1826"]
[BlackElo "1554"]
[PlyCount "49"]
[EventDate "1998.??.??"]
[Source "www.chesslib.no"]
[SourceDate "2004.05.04"]

1. d4 d5 2. Nc3 Nf6 3. Bg5 e6 4. e4 Be7 5. Bd3 O-O 6. Nf3 dxe4 7. Nxe4 Nxe4 8. Bxe7 Qxe7 9. Bxe4 Qb4+ 10. Qd2 Qxb2 11. O-O Qa3 12. Qe2 Nd7 13. Bxh7+ Kxh7 14. Ng5+ Kg8 15. Qh5 Nf6 16. Qh4 c5 17. Rab1 Qa4 18. Rfe1 Rd8 19. c3 Rd5 20. f4 Qc4 21. Re3 Qxa2 22. Rf1 Rxg5 23. fxg5 Nh7 24. g6 fxg6 25. Qd8+ 1-0

[Event "Germany"]
[Site "?"]
[Date "2004.03.27"]
[Round "8.6"]
[White "Pfeiffer Erich"]
[Black "Raus Michael"]
[Result "1-0"]
[WhiteElo "1660"]
[BlackElo "1714"]
[PlyCount "129"]
[EventDate "2004.??.??"]
[Source "www.chesslib.no"]
[SourceDate "2004.05.04"]

1. Nc3 e6 2. d4 Nf6 3. Bg5 Be7 4. Bxf6 Bxf6 5. e4 d5 6. Nf3 O-O 7. Qd2 b6 8. Be2 Bb7 9. e5 Be7 10. a3 c5 11. O-O Nc6 12. Rad1 cxd4 13. Nb5 Rc8 14. Nbxd4 Qc7 15. Nxc6 Qxc6 16. Nd4 Qc7 17. f4 Bc5 18. c3 f6 19. Bg4 Qe7 20. Kh1 Bxd4 21. Qxd4 Ba6 22. Rf2 f5 23. Bf3 Bc4 24. Rg1 Kh8 25. g4 Qc5 26. Qd2 Rcd8 27. gxf5 exf5 28. Rfg2 Rd7 29. Qe1 a5 30. Rg5 Qc7 31. Qh4 Qb7 32. Qg3 Bd3 33. h4 Be4 34. Kh2 Re7 35. Qf2 Qc7 36. h5 Qb7 37. Rd1 Rd7 38. Rd4 Qc7 39. Rd1 Qb7 40. Rdg1 Qc7 41. Rd1 Qb7 42. Rd4 Qc7 43. Rg1 Rfd8 44. Rgd1 b5 45. Bxe4 dxe4 46. Rxd7 Rxd7 47. Rxd7 Qxd7 48. Qd4 Qe8 49. Kg3 g6 50. h6 Kg8 51. e6 Qe7 52. Qd7 Kf8 53. Qc8+ Qe8 54. Qc5+ Qe7 55. Qe5 Kg8 56. Qb8+ Qf8 57. Qxb5 Qd8 58. Qe5 Qe7 59. c4 Qa7 60. c5 Qe7 61. Qg7+ Qxg7 62. hxg7 Kxg7 63. c6 Kf6 64. c7 Kxe6 65. c8=Q+ 1-0

[Event "12sen.Wörishofen op"]
[Site "?"]
[Date "1996.??.??"]
[Round "?"]
[White "Spaete Erwin"]
[Black "Erler Klaus-Juergen"]
[Result "1/2-1/2"]
[WhiteElo "1717"]
[BlackElo "1650"]
[PlyCount "73"]
[EventDate "1996.??.??"]
[Source "www.chesslib.no"]
[SourceDate "2004.05.04"]

1. d4 Nf6 2. Nc3 d5 3. e4 e6 4. Bg5 Be7 5. Bxf6 Bxf6 6. e5 Be7 7. Qg4 O-O 8. Bd3 f5 9. exf6 Bxf6 10. Nf3 e5 11. Bf5 Bxf5 12. Qxf5 exd4 13. Qxd5+ Kh8 14. Qxd8 Rxd8 15. Nb5 Na6 16. O-O-O c5 17. a3 Rd7 18. c3 d3 19. Kd2 c4 20. Rhe1 Nc5 21. Re3 Nb3+ 22. Ke1 a6 23. Nbd4 Nxd4 24. cxd4 Bxd4 25. Nxd4 Rxd4 26. Kd2 Kg8 27. Re7 b5 28. Rde1 Rdd8 29. R1e3 Kf8 30. Rb7 Re8 31. Rf3+ Kg8 32. Rff7 Re2+ 33. Kc3 Rc2+ 34. Kd4 Rxb2 35. Rxg7+ Kh8 36. Rxh7+ Kg8 37. Rbg7+ 1/2-1/2

[Event "Bad Hombourg (open)"]
[Site "?"]
[Date "2004.06.09"]
[Round "1.48"]
[White "Mueller Frank"]
[Black "Kaliski Erwin"]
[Result "0-1"]
[WhiteElo "1355"]
[BlackElo "1999"]
[PlyCount "64"]
[EventDate "2004.??.??"]
[Source "www.chesslib.no"]
[SourceDate "2004.05.04"]

1. e4 e6 2. d4 d5 3. Nc3 Nf6 4. Bg5 Be7 5. h4 dxe4 6. Nge2 Nc6 7. g3 h6 8. Be3 e5 9. Bg2 Bf5 10. Qd2 exd4 11. Nxd4 Nxd4 12. Bxd4 c5 13. Be3 Qxd2+ 14. Bxd2 O-O-O 15. O-O-O Rhe8 16. Bf4 a6 17. Na4 b5 18. Nc3 Bg4 19. Rxd8+ Bxd8 20. Re1 Bf5 21. Bf1 Ba5 22. Rd1 Bxc3 23. bxc3 Rd8 24. a4 Rxd1+ 25. Kxd1 Nd5 26. Kd2 Nxf4 27. gxf4 Bd7 28. axb5 Bxb5 29. c4 Bc6 30. c3 a5 31. Kc2 Kd7 32. Bh3+ Ke7 0-1

[Event "Bratislava Open"]
[Site "Bratislava SVK"]
[Date "1995.??.??"]
[Round "8"]
[White "Szalayova, K."]
[Black "Dubai, M."]
[Result "1/2-1/2"]
[WhiteElo "1720"]
[BlackElo "1630"]
[PlyCount "78"]
[EventDate "1995.??.??"]
[Source "www.chesslib.no"]
[SourceDate "2004.05.04"]

1. e4 e6 2. d4 d5 3. Nc3 Nf6 4. Bg5 Be7 5. e5 Nfd7 6. Be3 O-O 7. Nf3 c5 8. Be2 a6 9. O-O Nc6 10. a3 cxd4 11. Bxd4 Qc7 12. Re1 Bc5 13. Bxc5 Nxc5 14. Bd3 b5 15. b4 Nd7 16. Qe2 Nxb4 17. Nxb5 axb5 18. axb4 Ba6 19. Bxb5 Bxb5 20. Qxb5 Rab8 21. Qa4 Rb7 22. Rac1 Rfb8 23. c3 Ra7 24. Qb3 Nc5 25. Qc2 Ne4 26. Re3 Qc4 27. Nd2 Nxd2 28. Qxd2 Rc8 29. h3 Ra3 30. Kh2 g6 31. Qd3 Qf4+ 32. Kg1 Qxb4 33. cxb4 Rxc1+ 34. Kh2 Rxd3 35. Rxd3 Rb1 36. Rd4 Kg7 37. g3 f6 38. f4 fxe5 39. fxe5 g5 1/2-1/2

[Event "12sen.Wörishofen op"]
[Site "?"]
[Date "1996.??.??"]
[Round "?"]
[White "Spaete Erwin"]
[Black "Ruf Walter[30U'pfaffh"]
[Result "1-0"]
[WhiteElo "1717"]
[BlackElo "1572"]
[PlyCount "72"]
[EventDate "1996.??.??"]
[Source "www.chesslib.no"]
[SourceDate "2004.05.04"]

1. d4 e6 2. e4 d5 3. Nc3 Nf6 4. Bg5 Be7 5. Bxf6 Bxf6 6. e5 Bg5 7. Qg4 Bh6 8. f4 g6 9. Nf3 c6 10. Bd3 Bd7 11. O-O Qe7 12. h4 f5 13. exf6 Qxf6 14. Ne5 Ke7 15. Rae1 Be8 16. Rf3 Nd7 17. g3 Bg7 18. Na4 h5 19. Qh3 Nf8 20. Rfe3 Kd6 21. Nc5 b6 22. Nb3 Rh6 23. c4 Nd7 24. Nxc6 Bf7 25. cxd5 exd5 26. Ne5 Be6 27. Nc4+ dxc4 28. Rxe6+ Kc7 29. Rxf6 cxb3 30. Rf7 Bxd4+ 31. Kg2 Rd8 32. axb3 g5 33. fxg5 Rd6 34. b4 Bxb2 35. Re2 Ba3 36. Rc2+ Kb8 1-0

[Event "Montevideo Club Atletico"]
[Site "?"]
[Date "2002.02.12"]
[Round "4"]
[White "Muniz Matias"]
[Black "Fischer Monica"]
[Result "0-1"]
[WhiteElo "1590"]
[BlackElo "1618"]
[PlyCount "64"]
[EventDate "2002.??.??"]
[Source "www.chesslib.no"]
[SourceDate "2004.05.04"]

1. d4 d5 2. Nc3 e6 3. e4 Nf6 4. Bg5 Be7 5. Bf4 O-O 6. Nb5 Bb4+ 7. c3 Ba5 8. Nxc7 Bxc7 9. e5 Nfd7 10. Qg4 Kh8 11. Nf3 Nc6 12. Qh3 Ndxe5 13. Bd3 Nxd3+ 14. Ke2 Nxf4+ 15. Ke3 Nxh3 16. gxh3 Qf6 17. h4 b6 18. Rag1 Bf4+ 19. Ke2 Ba6+ 20. Kd1 h6 21. Rg2 e5 22. Rhg1 Rg8 23. b4 e4 24. Ne1 Rac8 25. Kc2 Ne5 26. dxe5 Bxe5 27. a4 Rxc3+ 28. Kd1 b5 29. Rg3 bxa4 30. Rxc3 Bxc3 31. Nc2 Qxf2 32. Rh1 Qd2# 0-1

[Event "CompAssoc-StCCC"]
[Site "?"]
[Date "2007.02.08"]
[Round "?"]
[White "Vail, Matt"]
[Black "Suits, John"]
[Result "1-0"]
[WhiteElo "1562"]
[BlackElo "1615"]
[PlyCount "39"]
[EventDate "2007.??.??"]
[Source "www.chesslib.no"]
[SourceDate "2004.05.04"]

1. e4 e6 2. d4 d5 3. Nc3 Nf6 4. Bg5 Be7 5. Bd3 Nxe4 6. Bxe7 Nxc3 7. Bxd8 Nxd1 8. Rxd1 Kxd8 9. Nf3 Nc6 10. O-O h6 11. a3 a5 12. Rfe1 Ke7 13. c4 dxc4 14. Bxc4 Re8 15. Bb5 Bd7 16. d5 Nd8 17. Bxd7 Kxd7 18. dxe6+ Ke7 19. Rd7+ Kf8 20. e7+ 1-0

[Event "Warren, MI"]
[Site "?"]
[Date "2001.11.25"]
[Round "6"]
[White "Cox Nicholas"]
[Black "Hubbard Andrew"]
[Result "0-1"]
[WhiteElo "1411"]
[BlackElo "1713"]
[PlyCount "136"]
[EventDate "2001.??.??"]
[Source "www.chesslib.no"]
[SourceDate "2004.05.04"]

1. e4 e6 2. d4 d5 3. Nc3 Nf6 4. Bg5 Be7 5. Bd3 dxe4 6. Nxe4 Nxe4 7. Bxe7 Qxe7 8. Bxe4 Qb4+ 9. c3 Qxb2 10. Ne2 c6 11. O-O Qb6 12. Qd3 Qc7 13. c4 Nd7 14. d5 Nc5 15. Qe3 Nxe4 16. Qxe4 O-O 17. Nf4 exd5 18. cxd5 Bg4 19. h3 Bd7 20. Rad1 Qd6 21. Qd4 cxd5 22. Nxd5 Bc6 23. Rfe1 Bxd5 24. Re5 Rad8 25. Rxd5 Qxd5 26. Qxd5 Rxd5 27. Rxd5 b6 28. Rd7 Ra8 29. Kf1 g6 30. Ke2 Kg7 31. Ke3 Kf6 32. Kd4 Ke6 33. Rc7 Rd8+ 34. Ke3 Rd7 35. Rc8 h5 36. f4 Re7 37. Rd8 Rd7 38. Rc8 Kd6 39. g3 Rc7 40. Rd8+ Kc5 41. g4 hxg4 42. hxg4 a5 43. Ke4 Re7+ 44. Kf3 Kb4 45. Rb8 b5 46. Rb6 a4 47. f5 gxf5 48. gxf5 Kc4 49. Kf4 b4 50. Kg5 b3 51. axb3+ axb3 52. Kf6 Rc7 53. Rb8 Kc3 54. Rf8 b2 55. Rxf7 Rxf7+ 56. Kxf7 b1=Q 57. f6 Qh7+ 58. Ke8 Qg8+ 59. Ke7 Qg5 60. Ke6 Kd4 61. f7 Qd8 62. Kf5 Qf8 63. Kf6 Kd5 64. Kg6 Ke5 65. Kh7 Qxf7+ 66. Kh8 Qe7 67. Kg8 Kf6 68. Kh8 Qg7# 0-1